000 00642nam a22001815i 4500
001 53641
003 ES-MaACL
005 20230906162813.0
007 t|
008 960702s1889 fr a ||||1| fre d
040 _aCAM
_bspa
_cCAM
100 1 _aFéret, A.
_949285
245 1 0 _aMémoire sur la Table Féret hygiénique áa élévation facultative, áa l'usage des études scolaires.
260 _aParis :
_bA. Féret,
_c1889 (
_fimp. A. Jouandeaux)
300 _a[1], 13, [1] p. :
_bil. ;
_c28 cm.
650 1 4 _aMobiliario escolar-
_yS.XIX.
_915118
852 _aES-MaACL
_jT-834-F-8
_z.- Enc. en un vol. facticio conservando la enc. original
999 _c53641
_d53641